000 00511nam a2200193Ia 4500
001 71868
008 160401s9999 xx 000 0 und d
020 _a9781292061993
040 _cPK-LaUMT
082 _a 613.62
_bGOE-O
100 _aGoetsch, David L.
245 _aOccupational safety and health
_bfor technologists, engineers, and managers
_cGoetsch, David L.
250 _a8th
260 _aBoston,USA:
_bPearson,
_c2015
300 _a714 p.
546 _aEN
650 _aHealth-Safety
942 _cBK
999 _c84872
_d84872